| 000 | 00717nam a2200229 u 4500 | ||
|---|---|---|---|
| 005 | 20210223132641.0 | ||
| 008 | 150525s2008 es r 000 0 spa d | ||
| 020 | _a0764140752 (10 dígitos) | ||
| 020 | _a9780764140754 (13 dígitos) | ||
| 035 | _aUPN01000203769 | ||
| 049 | _aI | ||
| 050 | 4 |
_aRC264 _bM6.5 |
|
| 100 | 1 |
_aMoore-Mallinos, Jennifer _933104 |
|
| 245 | 1 | 1 |
_a¡Mamá tiene cáncer! / _cJennifer Moore-Mallinos ; il. Marta Fàbrega. |
| 260 |
_aBarcelona, Esp. : _bBarron's, _c2008. |
||
| 300 |
_a31 p. : _bil. col. |
||
| 440 | 0 | _aHablemos de esto | |
| 650 | 4 |
_aCANCER - _vLITERATURA INFANTIL _924146 |
|
| 650 | 4 |
_aLIBROS Y LECTURA PARA LA JUVENTUD _910549 |
|
| 905 | _aInfantil | ||
| 999 |
_c175870 _d175870 |
||